| 000 | 00358 a2200133 4500 | ||
|---|---|---|---|
| 001 | 37733 | ||
| 082 | _a510.7834 WAT | ||
| 090 |
_c23962 _d23962 |
||
| 100 | _aWatters John | ||
| 245 | _aGuide to fortran programming | ||
| 260 |
_aLondon _bButtorworth Heinemann, LondonBrace J _c1968 |
||
| 300 |
_a365 p. _bphotostate |
||
| 500 | _aBE textbook H & S dept | ||
| 942 |
_aNUST-CAE _k510.7834 WAT |
||
| 999 |
_c272806 _d272806 |
||